Rozvoj profesních kompetencí budoucích učitelu v prezenční kombinované formě studia na FPE ZČU v Plzni

Bibliographic Details
Main Author: Soukupová, Pavla (Author)
Format: Electronic Article
Language:Czech
PhysicalDescription:Grafy
ISSN:9788080827793
Subjects:
Online Access:https://pdf.truni.sk/katedry/kps/veda-vyskum?juvenilia-paedagogica

MARC

LEADER 00000nab a2200000 ur4500
001 vtls012017608
003 SK-MaSNL
005 20260303202326.0
008 210311c2014 xo |r|p|||ab |000 b|cze
015 |a SNBRB2021/03 
038 |a SPK 
040 |a SPKCL  |b slo  |e rda 
041 0 |a cze  |b cze 
044 |a xo  |c SK 
072 7 |a 331  |x Práca  |2 konspekt 
072 7 |a 377  |x Odborné vzdelávanie  |2 konspekt 
080 |a 331.546  |2 2011 
080 |a 377.8  |2 2011 
100 1 |a Soukupová, Pavla  |4 aut  |9 671122 
245 1 0 |a Rozvoj profesních kompetencí budoucích učitelu v prezenční kombinované formě studia na FPE ZČU v Plzni  |c Pavla Soukupová 
300 |b Grafy 
336 |a text  |b txt  |2 rdacontent 
337 |a počítač  |b c  |2 rdamedia 
338 |a online zdroj  |b cr  |2 rdacarrier 
504 |a Obsahuje bibliografiu 
546 |a České resumé 
610 2 7 |a Západočeská univerzita v Plzni.  |b Fakulta pedagogická  |2 spk  |9 222477 
650 0 7 |a profesijné kompetencie  |2 SNKPH  |9 74959 
650 0 7 |a vzdelávanie učiteľov  |2 SNKPH  |9 4031 
773 0 |t Juvenilia Paedagogica : aktuálne teoretické a výskumné otázky pedagogiky v konceptoch dizertačných prác doktorandov  |d Trnava : Trnavská univerzita, 2014  |g S. 143-149  |x 9788080827793 
852 |a SPK  |b KIS3GCP 
856 4 1 |u https://pdf.truni.sk/katedry/kps/veda-vyskum?juvenilia-paedagogica 
958 |a NB 
999 |c 2178985  |d 2180915